| 000 | 01305nam a22002537a 4500 | ||
|---|---|---|---|
| 005 | 2008082806006.0 | ||
| 008 | 080828t xxu||||| |||| 00| e hin d | ||
| 010 | _aHIN-84108 | ||
| 020 |
_a8187425547 _c25.00 |
||
| 035 | _aHN-56454 | ||
| 037 | _aDBAD / PUB | ||
| 040 |
_aDPL _bHN |
||
| 082 | _a824 | ||
| 100 | _aकात्यायनी | ||
| 245 |
_aषड्यंत्ररत मृतात्माओं के बीचः _b(हमारे समय के जलते सुलगते सवाल और कुछ बुनियादी चिन्ताएँ) / _cकात्यायनी |
||
| 246 |
_aShadyantrarat mritaatmaaon ke biich _bby Katyayani |
||
| 260 |
_aलखनऊ _bपरिकल्पना _c2004 |
||
| 270 |
_aजनचेतना, डी-68, निरालानगर _bलखनऊ _e226020 |
||
| 300 |
_a70पृ _c22सेमी( अजिल्द) |
||
| 650 |
_aहिन्दी निबंध _xइतिहास एवं समालोचना |
||
| 650 |
_aHindi essays _xHistory and criticism |
||
| 942 |
_2ddc _cHN _mकात्याय _h824 |
||
| 999 |
_c15180 _d15180 |
||